| 000 | 00990 a2200241 4500 | ||
|---|---|---|---|
| 005 | 20200104041630.0 | ||
| 008 | 141124b xxu||||| |||| 00| 0 spa d | ||
| 040 | _cCO-BoIH | ||
| 041 | _aspa | ||
| 100 |
_aHernandez P., Sarah _929040 |
||
| 245 | _aIncentivos a la conservación y uso sostenible de la biodiversidad en los Andes colombianos en el contexto de sistemas productivos | ||
| 260 |
_aBogotá _bInstituto Alexander von Humboldt _c2004 |
||
| 300 | _a150 p. | ||
| 650 |
_aConservación de biodiversidad _9345 |
||
| 650 |
_aUso sostenible _9344 |
||
| 650 |
_aSistemas de producción _992252 |
||
| 662 |
_aColombia _bZona Andina |
||
| 700 |
_aMurtinho, Felipe _91362 |
||
| 700 |
_aRodríguez, Jean Carlo _95130 |
||
| 700 |
_aBorda, Carlos _95187 |
||
| 773 | 0 |
_aHernandez P., Sarah _dBogot Ìnstituto Alexander von Humboldt 2004 _tIncentivos a la conservacin̤ y uso sostenible de la biodiversidad en los Andes colombianos en el contexto de sistemas productivos |
|
| 942 |
_2z _cINFORME |
||
| 999 |
_c8818 _d8818 |
||